[Event "George Trundle NZ Masters 2010"]
[Site "?"]
[Date "2010.07.03"]
[Round "1.4"]
[White "van Riemsdijk, Herman"]
[Black "Solomon, Stephen"]
[Result "1/2-1/2"]
[WhiteElo "2416"]
[BlackElo "2423"]
[PlyCount "111"]
[EventDate "2010.07.08"]

1. e4 c5 2. Nf3 d6 3. d4 cxd4 4. Nxd4 Nf6 5. Nc3 Nc6 6. Bc4 e6 7. Bb3 Be7 8.
Be3 O-O 9. f4 Nxd4 10. Bxd4 e5 11. fxe5 dxe5 12. Bxe5 Qa5 13. Bxf6 Bxf6 14. O-O
Be6 15. Qf3 Rac8 16. Nd5 Qc5+ 17. Kh1 Bxb2 18. Rad1 b5 19. Qf2 Rfe8 20. a4 Qxf2
21. Rxf2 bxa4 22. Bxa4 Red8 23. c4 Ba3 24. Bb5 g6 25. Rfd2 Kh8 26. h3 h5 27. e5
Bc5 28. Kh2 h4 29. g3 hxg3+ 30. Kxg3 Bf5 31. h4 Rb8 32. Kf4 a6 33. Bxa6 Rb3 34.
Re2 Kg7 35. h5 Ra8 36. hxg6 Bxg6 37. Bb5 Raa3 38. Rf1 Rd3 39. Nf6 Re3 40. Rxe3
Bxe3+ 41. Kg4 Bd4 42. Nh5+ Kh6 43. Nf4 Bxe5 44. Nxg6 fxg6 45. Rf3 Ra2 46. Rh3+
Kg7 47. Bc6 Rf2 48. Rf3 Rg2+ 49. Kh3 Rg1 50. Bd7 g5 51. c5 Rd1 52. c6 Rd4 53.
Rf5 g4+ 54. Kg2 Bc7 55. Rg5+ Kf6 56. Rxg4 {Draw agreed} 1/2-1/2

[Event "George Trundle NZ Masters 2010"]
[Site "?"]
[Date "2010.07.09"]
[Round "7.1"]
[White "van Riemsdijk, Herman"]
[Black "Shen, Daniel"]
[Result "1-0"]
[WhiteElo "2416"]
[BlackElo "2163"]
[PlyCount "79"]
[EventDate "2010.07.08"]

1. e4 e5 2. Nf3 Nc6 3. Bb5 a6 4. Ba4 Nf6 5. O-O Be7 6. Re1 b5 7. Bb3 d6 8. c3
O-O 9. d4 Bg4 10. Be3 exd4 11. cxd4 d5 12. e5 Ne4 13. Nc3 Nxc3 14. bxc3 Qd7 15.
h3 Bh5 16. g4 Bg6 17. Bg5 Ba3 18. Qd2 Na5 19. Nh4 Nc4 20. Bxc4 bxc4 21. Nxg6
hxg6 22. Qc2 Rab8 23. Rab1 Rb6 24. Rxb6 cxb6 25. f4 Re8 26. f5 gxf5 27. gxf5 b5
28. Rf1 Bf8 29. Qg2 b4 30. Qg3 bxc3 31. Bf6 Qa7 32. Qg4 Kh7 33. Qh4+ Kg8 34.
Kh1 c2 35. Rg1 Rb8 36. Bxg7 Bxg7 37. Qf6 Kf8 38. Qxg7+ Ke8 39. Qg8+ Ke7 40. f6+
{Black resigns} 1-0

[Event "George Trundle NZ Masters 2010"]
[Site "?"]
[Date "2010.07.10"]
[Round "8.4"]
[White "West, Guy"]
[Black "Thornton, Gino"]
[Result "1-0"]
[WhiteElo "2325"]
[BlackElo "2181"]
[PlyCount "59"]
[EventDate "2010.07.08"]

1. c4 e6 2. Nc3 d5 3. e3 Nf6 4. Nf3 Bd6 5. d4 c6 6. Bd3 O-O 7. O-O Nbd7 8. e4
dxe4 9. Nxe4 Nxe4 10. Bxe4 Nf6 11. Bc2 b6 12. Bg5 Be7 13. Qd3 g6 14. Rad1 Bb7
15. Ne5 Nd7 {(=)} 16. Bf4 Nxe5 17. Bxe5 Qd7 18. Qg3 Rfd8 19. Rd3 c5 20. Qh3 f5
21. dxc5 Qe8 22. cxb6 Rxd3 23. Bxd3 axb6 24. a3 Rd8 25. Re1 Qc6 26. Bf1 Qd7 27.
Bc3 Be4 28. b4 Bf8 29. Qg3 b5 30. f3 {Black resigns} 1-0

[Event "George Trundle NZ Masters 2010"]
[Site "?"]
[Date "2010.07.07"]
[Round "5.1"]
[White "West, Guy"]
[Black "Shen, Daniel"]
[Result "1-0"]
[WhiteElo "2325"]
[BlackElo "2163"]
[PlyCount "73"]
[EventDate "2010.07.08"]

1. c4 Nf6 2. Nc3 e6 3. e4 d5 4. e5 d4 5. exf6 dxc3 6. bxc3 Qxf6 7. Nf3 c5 8. d4
h6 9. Bd3 Nc6 10. O-O Bd6 11. Qe2 Bf4 12. Ba3 Bd6 13. Rfe1 O-O 14. Rad1 Rd8 15.
dxc5 Bc7 16. Nd4 e5 17. Nb5 Ba5 18. Qc2 b6 19. Be4 Bg4 20. Rd6 Rxd6 21. cxd6
Rc8 22. Bxc6 Rxc6 23. Qe4 Bd7 24. Nxa7 Bxc3 25. Rc1 Rxd6 26. Bxd6 Qxd6 27. Nb5
Qd2 28. Qc2 Qxc2 29. Rxc2 Bb4 30. Nc7 Bc6 31. Nd5 Bc5 32. Rb2 b5 33. Rxb5 Bxb5
34. cxb5 Kf8 35. b6 Ke8 36. b7 Bd6 37. Nb4 {Black resigns} 1-0

[Event "George Trundle NZ Masters 2010"]
[Site "?"]
[Date "2010.07.06"]
[Round "4.2"]
[White "Watson, Bruce"]
[Black "Thornton, Gino"]
[Result "0-1"]
[WhiteElo "2274"]
[BlackElo "2181"]
[PlyCount "64"]
[EventDate "2010.07.08"]

1. c4 Nf6 2. Nf3 e6 3. g3 d5 4. Bg2 Be7 5. O-O O-O 6. b3 c5 7. e3 Nc6 8. Bb2
dxc4 9. bxc4 Qd3 10. Qb3 Rd8 11. Rd1 Qf5 12. d4 Bd7 13. d5 exd5 14. cxd5 Nb4
15. Nc3 c4 16. Qxc4 Rac8 17. Qb3 a5 18. Nd4 Qh5 19. a3 a4 20. Nxa4 Nbxd5 21.
Nb6 Nxb6 22. Qxb6 Ng4 23. Rac1 Qxh2+ 24. Kf1 Qh5 25. Rxc8 Nxe3+ 26. fxe3 Qxd1+
27. Kf2 Bxc8 28. Bxb7 Qd2+ 29. Kf3 Bh3 30. Ne2 h5 31. Kf2 Qd1 32. e4 Qf1+ {
White resigns} 0-1

[Event "George Trundle NZ Masters 2010"]
[Site "?"]
[Date "2010.07.11"]
[Round "9.4"]
[White "Watson, Bruce"]
[Black "Smith, Robert"]
[Result "1-0"]
[WhiteElo "2274"]
[BlackElo "2273"]
[PlyCount "81"]
[EventDate "2010.07.08"]

1. Nf3 d6 2. d4 Nf6 3. c4 g6 4. Nc3 Bg7 5. e4 O-O 6. Be2 Nbd7 7. O-O c5 8. Rb1
cxd4 9. Nxd4 Nc5 10. f3 Bd7 11. Be3 a6 12. Qd2 Rc8 13. Rfc1 Ne6 14. Nb3 Bc6 15.
Nd5 Nd7 16. Na5 Kh8 17. b4 f5 18. exf5 gxf5 19. f4 b6 20. Nxc6 Rxc6 21. Bf3 Rc8
22. g3 Rb8 23. Bf2 Nc7 24. Qd3 a5 25. a3 e5 26. Nxc7 Qxc7 27. Rd1 Rf6 28. Bd5
e4 29. Qc2 axb4 30. axb4 b5 31. Bd4 Rg6 32. Bxg7+ Rxg7 33. Be6 bxc4 34. Bxf5
Rxb4 35. Bxd7 Rxb1 36. Rxb1 Rxd7 37. Qxe4 d5 38. Qe8+ Kg7 39. Rb8 Qc5+ 40. Kg2
Re7 41. Qg8+ {Black resigns} 1-0

[Event "George Trundle NZ Masters 2010"]
[Site "?"]
[Date "2010.07.10"]
[Round "8.5"]
[White "Van Riemsdijk, Herman"]
[Black "Steadman, Mike"]
[Result "0-1"]
[WhiteElo "2416"]
[BlackElo "2274"]
[PlyCount "116"]
[EventDate "2010.07.08"]

1. e4 e6 2. d4 d5 3. Nc3 Nf6 4. Bg5 Bb4 5. e5 h6 6. Bd2 Bxc3 7. bxc3 Ne4 8. Qg4
g6 9. Qf4 c5 10. Bd3 Nxd2 11. Qxd2 Nc6 12. Nf3 c4 13. Be2 Bd7 14. h4 Qe7 15. h5
g5 16. Nh2 f5 17. exf6 Qxf6 18. Ng4 Qg7 19. O-O-O O-O-O 20. Rde1 Rhf8 21. Bf3
Rf5 22. Re3 b5 23. Rhe1 Qf8 24. Kb2 Kc7 25. Ne5 Nxe5 26. Rxe5 Rf4 27. Qe3 b4
28. Ka1 Rb8 29. Rb1 bxc3 30. Qxc3 Rxb1+ 31. Kxb1 Qb8+ 32. Kc1 Qb6 33. g3 Rxd4
34. Rxg5 hxg5 35. h6 e5 36. h7 Qh6 37. Qa5+ Kc8 38. Bxd5 g4+ 39. Kb2 Qxh7 40.
Qc5+ Kd8 41. Qf8+ Be8 42. Qd6+ Kc8 43. Be6+ Kb7 44. Bd5+ Rxd5 45. Qxd5+ Bc6 46.
Qxe5 Qe4 47. Qg7+ Kb6 48. Kc3 a5 49. a3 Kb5 50. Kb2 Ka4 51. Qc3 Bd5 52. Qg7 Qf3
53. Kb1 Kxa3 54. Qb2+ Ka4 55. Qd4 Qe4 56. Qc3 Qe6 57. Qd4 Qe1+ 58. Ka2 Qe4 {
White resigns} 0-1

[Event "George Trundle NZ Masters 2010"]
[Site "?"]
[Date "2010.07.05"]
[Round "3.4"]
[White "Thornton, Gino"]
[Black "Solomon, Stephen"]
[Result "1-0"]
[WhiteElo "2181"]
[BlackElo "2423"]
[PlyCount "101"]
[EventDate "2010.07.08"]

1. d4 Nf6 2. c4 e6 3. Nc3 Bb4 4. f3 d5 5. a3 Bxc3+ 6. bxc3 c5 7. cxd5 Nxd5 8.
Qd2 f5 9. e3 O-O 10. g3 Nc6 11. Bd3 e5 12. Ne2 b6 13. O-O cxd4 14. cxd4 Bb7 15.
Bb2 Qe7 16. Bc4 Na5 17. Ba2 e4 18. Nc3 Rad8 19. fxe4 fxe4 20. Rxf8+ Kxf8 21.
Rf1+ Nf6 22. Rf5 Ba6 23. Nd5 Qe6 24. Qb4+ Kf7 25. Nxf6 Qxa2 26. Nh5+ Ke6 27.
Nxg7+ Kd7 28. d5 Kc8 29. Ne6 Be2 30. Qc3+ Nc4 31. Nxd8 Qxb2 32. Qxb2 Nxb2 33.
Nc6 Nc4 34. Kf2 Bg4 35. Rf8+ Kc7 36. a4 a5 37. Rf4 Bd1 38. Rxe4 Nb2 39. Nd4
Bxa4 40. h4 Kd6 41. Re6+ Kc5 42. h5 Nc4 43. Rh6 Kxd5 44. Rxh7 Ne5 45. Rg7 Be8
46. h6 Bg6 47. Nf3 Nd3+ 48. Ke2 Be4 49. Rd7+ Kc5 50. Rxd3 a4 51. Rd4 {
Black resigns} 1-0

[Event "George Trundle NZ Masters 2010"]
[Site "?"]
[Date "2010.07.09"]
[Round "7.2"]
[White "Steadman, Mike"]
[Black "West, Guy"]
[Result "0-1"]
[WhiteElo "2277"]
[BlackElo "2325"]
[PlyCount "80"]
[EventDate "2010.07.08"]

1. d4 Nf6 2. c4 e6 3. Nc3 Bb4 4. e3 O-O 5. Bd3 d5 6. a3 Bxc3+ 7. bxc3 b6 8.
cxd5 exd5 9. Ne2 Ba6 10. O-O c5 11. Ng3 Bxd3 12. Qxd3 Nc6 13. Ra2 Re8 14. f3
Qd7 15. Re2 Rad8 {(=)} 16. Bb2 Re6 17. Rd1 cxd4 18. cxd4 Na5 19. e4 Rc8 20. e5
Ne8 21. f4 Rec6 22. f5 Nc4 23. Ba1 Qd8 24. Qf3 b5 25. Ree1 Qg5 {(=)} 26. Rd3
Nc7 27. Bc3 a5 28. Ne2 Rb8 29. Qh3 Rh6 30. Rg3 {(=)} Rxh3 31. Rxg5 Rd3 32. Ra1
b4 33. axb4 axb4 34. Rb1 Na6 35. Be1 b3 36. e6 b2 37. e7 f6 38. Rg4 Re3 39. Nc3
Na3 40. Nxd5 Nxb1 {White resigns} 0-1

[Event "George Trundle NZ Masters 2010"]
[Site "?"]
[Date "2010.07.11"]
[Round "9.3"]
[White "Solomon, Stephen"]
[Black "West, Guy"]
[Result "0-1"]
[WhiteElo "2423"]
[BlackElo "2325"]
[PlyCount "92"]
[EventDate "2010.07.08"]

1. e4 e5 2. Nf3 Nc6 3. d4 exd4 4. Nxd4 Bc5 5. Nxc6 Qf6 6. Qf3 Qxf3 7. gxf3 bxc6
8. Nc3 Ne7 9. Be3 Bxe3 10. fxe3 d6 11. f4 O-O 12. Bd3 f5 13. Kd2 fxe4 14. Nxe4
Bf5 15. Rhg1 Rae8 16. h4 Nd5 17. Nc3 Nxe3 18. Rae1 Bxd3 19. cxd3 Nf5 20. Rxe8
Rxe8 21. Ne4 Rb8 22. Kc3 h6 23. h5 Rf8 24. Kd2 Ne7 25. Rf1 Rf5 26. Ng3 Rb5 27.
b3 Nf5 28. Ne4 Rb8 29. Rc1 c5 30. Ke2 Kf7 31. Kf3 a5 32. Kg4 Ne3+ 33. Kf3 Nd5
34. Nxc5 dxc5 35. Rxc5 Ke6 36. Ke4 Rb5 37. Rxb5 Nc3+ 38. Kd4 Nxb5+ 39. Kc5 Na7
40. d4 g6 41. hxg6 h5 42. f5+ Kf6 43. Kd5 Nb5 44. a4 Nc3+ 45. Kc4 h4 46. Kxc3
h3 {White resigns} 0-1

[Event "George Trundle NZ Masters 2010"]
[Site "?"]
[Date "2010.07.04"]
[Round "2.4"]
[White "Solomon, Stephen"]
[Black "Steadman, Mike"]
[Result "0-1"]
[WhiteElo "2423"]
[BlackElo "2277"]
[PlyCount "80"]
[EventDate "2010.07.08"]

1. d4 e6 2. c4 f5 3. g3 Nf6 4. Bg2 c6 5. Nf3 d5 6. O-O Bd6 7. b3 Qe7 8. a4 a5
9. Ba3 Bxa3 10. Nxa3 O-O 11. Nc2 Nbd7 12. Nce1 b6 13. Nd3 Ba6 14. Rc1 Rac8 15.
Nfe5 Ne4 16. f3 Nef6 17. Qd2 Nxe5 18. Nxe5 c5 {(=)} 19. f4 Rfd8 20. cxd5 Nxd5
21. dxc5 Nb4 22. Qe3 bxc5 23. Bf3 Qd6 24. Kf2 Nd5 25. Bxd5 exd5 26. Rfd1 Qb6
27. Rd2 Bb7 28. Rdc2 d4 29. Qd3 Be4 30. Qc4+ Rd5 31. e3 Rcd8 32. Rd2 Qh6 33. h4
Kf8 34. exd4 Rxe5 35. Qb5 Qh5 36. Rc3 Red5 37. Rxc5 Qf3+ 38. Ke1 Qxg3+ 39. Kd1
Qg1+ 40. Ke2 Qg4+ {White resigns} 0-1

[Event "George Trundle NZ Masters 2010"]
[Site "?"]
[Date "2010.07.09"]
[Round "7.4"]
[White "Solomon, Stephen"]
[Black "Hart, Ralph"]
[Result "1-0"]
[WhiteElo "2423"]
[BlackElo "2223"]
[PlyCount "73"]
[EventDate "2010.07.08"]

1. e4 e6 2. d4 d5 3. Nc3 Nf6 4. Bg5 Bb4 5. e5 h6 6. Bd2 Bxc3 7. bxc3 Ne4 8. Qg4
g6 9. Bd3 Nxd2 10. Kxd2 c5 11. h4 Bd7 12. h5 g5 13. f4 Rg8 14. Nf3 Nc6 15. fxg5
Qa5 16. g6 O-O-O 17. Qf4 fxg6 18. hxg6 Rdf8 19. Qxh6 Nxd4 20. Qxf8+ Rxf8 21. g7
Nxf3+ 22. gxf3 Rg8 23. Rh8 Qd8 24. Rxg8 Qxg8 25. Rg1 Kc7 26. c4 dxc4 27. Bxc4
b5 28. Bd3 b4 29. Kc1 Ba4 30. Rg2 a5 31. Bc4 Bd7 32. f4 Kb6 33. f5 Qb8 34. g8=Q
Qxe5 35. Qd8+ Kc6 36. Bb5+ Kxb5 37. Qxd7+ {Black resigns} 1-0

[Event "George Trundle NZ Masters 2010"]
[Site "?"]
[Date "2010.07.06"]
[Round "4.1"]
[White "Shen, Daniel"]
[Black "Solomon, Stephen"]
[Result "1-0"]
[WhiteElo "2163"]
[BlackElo "2423"]
[PlyCount "123"]
[EventDate "2010.07.08"]

1. e4 e5 2. Bc4 Nf6 3. d3 Nc6 4. Nf3 Be7 5. c3 d6 6. Nbd2 O-O 7. Bb3 Be6 8. Bc2
d5 9. O-O dxe4 10. dxe4 a5 11. a4 Bc5 12. Qe2 Nh5 13. Nb3 Bxb3 14. Bxb3 Nf4 15.
Bxf4 exf4 16. Rad1 Qe7 17. Qb5 Ra6 18. Rd5 Rb6 19. Qc4 Bd6 20. Re1 Be5 21. Red1
g6 22. Rb5 Bd6 23. Rdd5 Rxb5 24. Rxb5 Rd8 25. Rxb7 Ne5 26. Nxe5 Bxe5 27. Rb5 f3
28. h4 fxg2 29. Qxf7+ Qxf7 30. Bxf7+ Kxf7 31. Rxe5 Rd2 32. Rxa5 Rxb2 33. Rc5
Re2 34. Rc4 h5 35. Kxg2 Kf6 36. a5 Ra2 37. Rc5 Ra1 38. Kf3 Rh1 39. a6 Ra1 40.
Rc6+ Ke5 41. Rxg6 c6 42. Rxc6 Rxa6 43. Rc5+ Kd6 44. Rxh5 Rc6 45. Rh6+ Ke5 46.
Rh5+ Ke6 47. Kf4 Rxc3 48. Rh6+ Kf7 49. f3 Ra3 50. Rd6 Ke7 51. e5 Ra4+ 52. Kg5
Ra1 53. f4 Rg1+ 54. Kf5 Rh1 55. Rh6 Rf1 56. Rh7+ Kf8 57. e6 Kg8 58. Rd7 Kf8 59.
h5 Rf2 60. Kg6 Ke8 61. f5 Rf1 62. Kf6 {Black resigns} 1-0

[Event "George Trundle NZ Masters 2010"]
[Site "?"]
[Date "2010.07.06"]
[Round "4.4"]
[White "Hart, Ralph"]
[Black "van Riemsdijk, Herman"]
[Result "0-1"]
[WhiteElo "2223"]
[BlackElo "2416"]
[PlyCount "68"]
[EventDate "2010.07.08"]

1. e4 d6 2. d4 Nf6 3. Nc3 g6 4. Be3 Ng4 5. Bg5 h6 6. Bc1 Bg7 7. Be2 Nf6 8. Nf3
O-O 9. h3 c6 10. a4 Nbd7 11. Be3 e5 12. Qd2 exd4 13. Nxd4 Nc5 14. f3 Re8 15.
O-O-O Qa5 16. b3 a6 17. Nb1 Qxd2+ 18. Nxd2 Nd5 19. Bf2 Nc3 20. Rde1 d5 21. Bd3
Nxd3+ 22. cxd3 Na2+ 23. Kb1 Nb4 24. exd5 Rd8 25. Nc2 Nxd3 26. Bh4 Nxe1 27. Rxe1
g5 28. Bg3 Bf5 29. d6 Bf8 30. Nc4 b5 31. Nb6 Rab8 32. d7 Rxb6 33. Bc7 Rxd7 34.
Bxb6 Rd2 {White resigns} 0-1

[Event "George Trundle NZ Masters 2010"]
[Site "?"]
[Date "2010.07.06"]
[Round "4.3"]
[White "Cheng, Bobby"]
[Black "Steadman, Mike"]
[Result "0-1"]
[WhiteElo "2332"]
[BlackElo "2277"]
[PlyCount "126"]
[EventDate "2010.07.08"]

1. d4 e6 2. c4 f5 3. Nf3 Nf6 4. g3 c6 5. Bg2 d5 6. Bf4 Be7 7. Qc2 O-O 8. O-O
Qe8 9. Rc1 Qh5 10. Nbd2 Nbd7 11. Ng5 Nb6 12. c5 h6 13. Nxe6 Bxe6 14. cxb6 axb6
15. a4 Ne4 16. e3 Rac8 17. Nf3 Bb4 18. Qb3 Ba5 19. Rd1 Rfd8 20. Rac1 Qe8 21.
Ne1 Bf7 22. Nd3 Bh5 23. f3 Nd2 24. Qa2 Nxf3+ 25. Bxf3 Bxf3 26. b4 Bxd1 27. Rxd1
c5 28. dxc5 bxc5 29. bxa5 c4 30. Nb4 g5 31. Nxd5 Rxd5 32. Rxd5 gxf4 33. gxf4
Qxe3+ 34. Qf2 Qxf2+ 35. Kxf2 c3 36. Rd1 c2 37. Rc1 Kf7 38. Ke3 Ke6 39. Kd3 Kd5
40. Rxc2 Rxc2 41. Kxc2 Ke4 42. Kd2 Kxf4 43. Ke2 Ke4 44. Kf2 h5 45. Ke2 Kf4 46.
Kf2 Kg4 47. Kg2 h4 48. Kf2 Kh3 49. Kg1 f4 50. Kh1 f3 51. Kg1 Kg4 52. Kf2 Kf4
53. Kf1 Ke3 54. Ke1 f2+ 55. Kf1 Kf3 56. h3 Ke3 57. a6 bxa6 58. a5 Kd4 59. Kxf2
Kc5 60. Ke3 Kb5 61. Kd4 Kxa5 62. Kc5 Ka4 63. Kc4 a5 {White resigns} 0-1

[Event "ch-NZL"]
[Site "Auckland NZL"]
[Date "2010.01.12"]
[Round "11"]
[White "Ker, A."]
[Black "Smith, Ro"]
[Result "1-0"]
[WhiteElo "2321"]
[BlackElo "2289"]
[PlyCount "71"]
[EventDate "2010.01.02"]

1. e4 c5 2. c3 d5 3. exd5 Qxd5 4. d4 g6 5. Nf3 Bg7 6. Na3 cxd4 7. Bc4 Qe4+ 8.
Be3 Nh6 9. Nb5 Na6 10. cxd4 O-O 11. O-O Bg4 12. Nc3 Qc6 13. Bd5 Qd7 14. Bxh6
Bxh6 15. Ne5 Bxd1 16. Nxd7 Bg4 17. Nxf8 Rb8 18. h3 Bc8 19. Nxh7 Nc7 20. Rfe1
Kxh7 21. Bxf7 e6 22. d5 Bd2 23. d6 Na6 24. Red1 Bxc3 25. bxc3 Bd7 26. Re1 Nc5
27. Re5 Nd3 28. Re4 Kg7 29. Bxe6 Nc5 30. Rae1 Nxe4 31. Rxe4 Bc6 32. Rf4 Rf8 33.
Rxf8 Kxf8 34. f4 b6 35. g4 Kg7 36. d7 1-0

[Event "ch-NZL"]
[Site "Auckland NZL"]
[Date "2010.01.11"]
[Round "10"]
[White "Hart, R."]
[Black "Ker, A."]
[Result "0-1"]
[WhiteElo "2244"]
[BlackElo "2321"]
[PlyCount "122"]
[EventDate "2010.01.02"]

1. e4 d6 2. d4 Nf6 3. Nc3 g6 4. g3 Bg7 5. Bg2 O-O 6. Nge2 Nbd7 7. O-O c5 8. h3
Rb8 9. a4 b6 10. Be3 a6 11. f4 cxd4 12. Bxd4 Bb7 13. e5 Ne8 14. exd6 Nxd6 15.
Bxb7 Rxb7 16. Bxg7 Kxg7 17. Nd5 Kg8 18. Nd4 Nb8 19. f5 Nc4 20. b3 Qxd5 21. bxc4
Qxc4 22. Ra3 Rd7 23. Rd3 Rfd8 24. Rf4 Qxa4 25. Qd2 Nc6 26. Ne6 Qa1+ 27. Rf1
Rxd3 28. cxd3 Qe5 29. Nxd8 Qxg3+ 30. Qg2 Qxg2+ 31. Kxg2 Nxd8 32. fxg6 hxg6 33.
Ra1 Ne6 34. Rxa6 Nf4+ 35. Kf3 Nxd3 36. Rxb6 Kg7 37. Rb7 Kf6 38. Rb3 Nc5 39. Ra3
e6 40. Kg4 Nd7 41. Rf3+ Kg7 42. Ra3 f5+ 43. Kg3 Kf6 44. Ra7 Nc5 45. Ra8 Ne4+
46. Kf3 Ng5+ 47. Kg3 e5 48. Rf8+ Kg7 49. Ra8 Ne6 50. Ra6 Kf6 51. Rb6 e4 52. Ra6
f4+ 53. Kg4 f3 54. h4 f2 55. Ra1 e3 56. Kf3 Nd4+ 57. Kg2 Kf5 58. Ra5+ Ke4 59.
h5 gxh5 60. Rxh5 Kd3 61. Re5 Ke2 0-1

[Event "ch-NZL"]
[Site "Auckland NZL"]
[Date "2010.01.10"]
[Round "9"]
[White "Ker, A."]
[Black "Shen, D."]
[Result "0-1"]
[WhiteElo "2321"]
[BlackElo "2142"]
[PlyCount "128"]
[EventDate "2010.01.02"]

1. e4 e5 2. Nf3 Nc6 3. d4 exd4 4. Nxd4 Nf6 5. Nxc6 bxc6 6. e5 Qe7 7. Qe2 Nd5 8.
c4 Nb6 9. Nc3 a5 10. Qe4 g6 11. Bd3 Bg7 12. O-O O-O 13. f4 f5 14. Qe2 Re8 15.
Be3 d6 16. c5 Nd5 17. Bc4 Bb7 18. Qf3 dxe5 19. Nxd5 cxd5 20. Bxd5+ Bxd5 21.
Qxd5+ Qe6 22. Rad1 Qxd5 23. Rxd5 Rad8 24. Rfd1 Bf6 25. fxe5 Rxd5 26. Rxd5 Rxe5
27. Rxe5 Bxe5 28. b3 c6 29. Bd2 Bc7 30. a4 Kf7 31. b4 axb4 32. Bxb4 Ke6 33. a5
Bb8 34. a6 Kd5 35. Kf2 Kc4 36. Ba3 Kb5 37. Ke3 Kxa6 38. h3 Be5 39. g4 Kb5 40.
gxf5 gxf5 41. Kd3 Ka4 42. Bc1 Kb4 43. Be3 Bf6 44. Ke2 Be7 45. Kf3 Bxc5 46. Bd2+
Kc4 47. Kf4 Kd3 48. Ba5 Be3+ 49. Kxf5 c5 50. Ke5 c4 51. Kd5 h5 52. Bb4 Bd4 53.
Ke6 Ke4 54. Kf7 Kf5 55. Bd2 c3 56. Bc1 c2 57. Ke7 Be5 58. Kd7 Bf4 59. Bb2 h4
60. Kc6 c1=Q+ 61. Bxc1 Bxc1 62. Kd5 Kf4 63. Kd4 Kg3 64. Ke4 Bf4 0-1

[Event "ch-NZL"]
[Site "Auckland NZL"]
[Date "2010.01.09"]
[Round "8"]
[White "Watson, B."]
[Black "Ker, A."]
[Result "1-0"]
[WhiteElo "2270"]
[BlackElo "2321"]
[PlyCount "81"]
[EventDate "2010.01.02"]

1. c4 d6 2. g3 e5 3. Bg2 f5 4. Nc3 Nf6 5. d3 Be7 6. e4 fxe4 7. dxe4 O-O 8. Nge2
Be6 9. b3 c5 10. O-O Nc6 11. Nd5 Qd7 12. f4 Bg4 13. f5 Nd4 14. Ndc3 a6 15. h3
Bxe2 16. Nxe2 b5 17. Qd3 Kh8 18. Bd2 Rab8 19. Rac1 Bd8 20. Rfe1 a5 21. Nxd4
cxd4 22. cxb5 Rxb5 23. Bf1 Rc5 24. Rxc5 dxc5 25. Qb5 Qxb5 26. Bxb5 Bb6 27. Kg2
Ra8 28. g4 h6 29. Kf3 Kg8 30. h4 Ne8 31. g5 hxg5 32. hxg5 Nd6 33. Bc6 Ra7 34.
Rh1 Kf8 35. Rh8+ Ke7 36. Rg8 Nf7 37. g6 Nd8 38. Rxg7+ Kf6 39. Rxa7 Bxa7 40. Bd5
Bb6 41. Bh6 1-0

[Event "ch-NZL"]
[Site "Auckland NZL"]
[Date "2010.01.08"]
[Round "7"]
[White "Ker, A."]
[Black "Krstev, A."]
[Result "1-0"]
[WhiteElo "2321"]
[BlackElo "2040"]
[PlyCount "79"]
[EventDate "2010.01.02"]

1. e4 e6 2. d4 d5 3. e5 c5 4. c3 Nc6 5. Nf3 Bd7 6. Be2 f6 7. Bf4 g5 8. Nxg5
Nge7 9. Bh5+ Ng6 10. Nxh7 Rxh7 11. Bxg6+ Rf7 12. Bxf7+ Kxf7 13. Qh5+ Kg8 14.
Qg6+ Bg7 15. Bh6 Qf8 16. exf6 Qxf6 17. Qxg7+ Qxg7 18. Bxg7 Kxg7 19. dxc5 Ne5
20. Na3 Nd3+ 21. Ke2 Nxb2 22. Rab1 Na4 23. Rxb7 Nxc5 24. Rc7 Rc8 25. Rxc8 Bxc8
26. Ke3 Kf6 27. Rb1 Na4 28. Rb8 Ba6 29. Rf8+ Ke5 30. f4+ Kd6 31. Kd4 Be2 32.
Ra8 a6 33. c4 Nc5 34. cxd5 exd5 35. Rd8+ Nd7 36. Rh8 Bf1 37. g4 Bg2 38. Nc2 Nc5
39. f5 Na4 40. Ne3 1-0

[Event "ch-NZL"]
[Site "Auckland NZL"]
[Date "2010.01.07"]
[Round "6"]
[White "Thornton, G."]
[Black "Ker, A."]
[Result "0-1"]
[WhiteElo "2167"]
[BlackElo "2321"]
[PlyCount "90"]
[EventDate "2010.01.02"]

1. e4 d6 2. d4 Nf6 3. Nc3 g6 4. Be3 c6 5. f3 b5 6. g4 h6 7. Qd2 Bg7 8. h4 h5 9.
g5 Nfd7 10. Nge2 Nb6 11. Ng3 Qc7 12. Bd3 N8d7 13. Nce2 a6 14. f4 c5 15. c3 Nc4
16. Bxc4 bxc4 17. f5 Qb7 18. O-O cxd4 19. cxd4 Rb8 20. Nf4 Nf8 21. Rab1 Bd7 22.
b3 Bc6 23. bxc4 Qxb1 24. Rxb1 Rxb1+ 25. Kh2 Nd7 26. fxg6 O-O 27. gxf7+ Rxf7 28.
Qc2 Rb4 29. Qe2 Rf8 30. a3 Rb3 31. Ne6 Rfb8 32. Nxg7 Rb2 33. Bd2 Kxg7 34. Nxh5+
Kg8 35. Ng3 Ra2 36. Nf1 Rb1 37. Kg2 Rxa3 38. Qg4 Nf8 39. Kf2 Bd7 40. Qh5 Bh3
41. Nh2 Rh1 42. Bf4 Ra2+ 43. Ke3 Rb1 44. d5 Rb3+ 45. Kd4 e5+ 0-1